Tính toán sự gia tăng năng lượng của các hạt tích điện trong máy gia tốc tuyến tính RF : Luận văn Thạc sĩ chuyên ngành: Vật lý lý thuyết và vật lý toán

Đề tài trình bày tổng quan về máy gia tốc, máy gia tốc tuyến tính RF, tính toán độ tăng năng lượng của electron trong máy gia tốc RF.

Tallennettuna:
Bibliografiset tiedot
Päätekijä: Phạm, Thị Hồng
Yhteisötekijä: .
Aineistotyyppi: Kirja
Kieli:Undetermined
Julkaistu: Cần Thơ Trường Đại học Cần Thơ 2014
Aiheet:
Tagit: Lisää tagi
Ei tageja, Lisää ensimmäinen tagi!
Thư viện lưu trữ: Trung tâm Học liệu Trường Đại học Cần Thơ
LEADER 01065nam a2200229Ia 4500
001 CTU_193362
008 210402s9999 xx 000 0 und d
082 |a 539.73 
082 |b H455 
088 |a 604401 
100 |a Phạm, Thị Hồng 
110 |a . 
245 0 |a Tính toán sự gia tăng năng lượng của các hạt tích điện trong máy gia tốc tuyến tính RF : 
245 0 |b Luận văn Thạc sĩ chuyên ngành: Vật lý lý thuyết và vật lý toán 
245 0 |c Phạm Thị Hồng ; Châu Văn Tạo (Cán bộ hướng dẫn) 
260 |a Cần Thơ 
260 |b Trường Đại học Cần Thơ 
260 |c 2014 
520 |a Đề tài trình bày tổng quan về máy gia tốc, máy gia tốc tuyến tính RF, tính toán độ tăng năng lượng của electron trong máy gia tốc RF. 
650 |a Particle acceleration,Gia tốc hạt 
904 |i Hải 
980 |a Trung tâm Học liệu Trường Đại học Cần Thơ